Revolution of the Mind (Record no. 30412)
[ view plain ]
| 000 -LEADER | |
|---|---|
| fixed length control field | 00574nam a2200121Ia 4500 |
| 008 - FIXED-LENGTH DATA ELEMENTS--GENERAL INFORMATION | |
| fixed length control field | 220620s9999||||xx |||||||||||||| ||und|| |
| 100 ## - MAIN ENTRY--PERSONAL NAME | |
| Personal name | David-Fox, Michael |
| 245 #0 - TITLE STATEMENT | |
| Title | Revolution of the Mind |
| Remainder of title | Higher Learning among the Bolsheviks, 1918-1929 |
| 546 ## - LANGUAGE NOTE | |
| Language note | English[eng] |
| 650 ## - SUBJECT ADDED ENTRY--TOPICAL TERM | |
| Topical term or geographic name entry element | education||Institute of Red Professors||Sverdlov Communist University||New Economic Policy||Academy of Sciences||Bolshevism||Bolshevik party||Communist party||Soviet Union |
| 856 ## - ELECTRONIC LOCATION AND ACCESS | |
| Uniform Resource Identifier | <a href="http://d3p9z3cj392tgc.cloudfront.net/wp-content/uploads/2016/08/22130128/9781501707179.pdf">http://d3p9z3cj392tgc.cloudfront.net/wp-content/uploads/2016/08/22130128/9781501707179.pdf</a> |
| 942 ## - ADDED ENTRY ELEMENTS (KOHA) | |
| Koha item type | E-Books |
| Withdrawn status | Lost status | Damaged status | Not for loan | Home library | Current library | Date acquired | Total Checkouts | Date last seen | Price effective from | Koha item type |
|---|---|---|---|---|---|---|---|---|---|---|
| Kerala University of Digital Sciences, Innovation and Technology Knowledge Centre | Kerala University of Digital Sciences, Innovation and Technology Knowledge Centre | 20/06/2022 | 20/06/2022 | 20/06/2022 | E-Books |